00660nam a2200169Ia 4500001001100000003000500011008004100016010001100057040000900068100003100077245014100108260003400249300002200283502010500305700003000410710005000440Para_10036CHAP220125sOctu xx 000 0 und d a208688 cCHAP aNava Morales, Brenda Deysy aSensibilidad in vitro de Helminthosporium teres en Cebada a fungicidas /c Brenda Deysy Nava Morales; Director Santos Gerardo Leyva Mir aChapingo, Méx. :b el autor a1 CDS ROM (43 p.) aTesis (Ing. Agr. Esp. en Parasitología Agrícola). UACh. Departamento Parasitología Agrícola1 aLeyva Mir, Santos Gerardo aUACh. Departamento Parasitología Agrícola